| Поле | Инд. | ПП | Название | Значение |
|---|---|---|---|---|
| Тип записи | a | |||
| Библиографический уровень | m | |||
| 001 | Контрольный номер | RU/IS/BASE/451994447 | ||
| 005 | Дата корректировки | 20210203084516.8 | ||
| 020 | a | ISBN | 978-5-4344-0154-8 | |
| 040 | a | Служба первич. каталог. | НБ ТвГУ | |
| b | Код языка каталог. | rus | ||
| e | Правила каталог. | PSBO | ||
| 041 | 0_ | a | Код языка текста | rus |
| 080 | a | Индекс УДК | 519.216 | |
| 080 | a | Индекс УДК | 517.95 | |
| 084 | a | Индекс другой классификации/Индекс ББК | В171.51 | |
| 084 | a | Индекс другой классификации/Индекс ББК | В161.626 | |
| 090 | a | Полочн. индекс | В171.5 | |
| x | Авторский знак | У 68 | ||
| 245 | 00 | a | Заглавие | Уравнения Фоккера - Планка - Колмогорова |
| 260 | a | Место издания | Москва | |
| a | Место издания | Ижевск | ||
| b | Издательство | Институт компьютерных исследований | ||
| c | Дата издания | 2013 | ||
| 300 | a | Объем | 591 с. | |
| c | Размеры | 21 см | ||
| 504 | a | Библиография | Библиогр.: с. 543-588 (826 назв.) | |
| 504 | a | Библиография | Предм. указ.: с. 589-591 | |
| 520 | 0_ | a | Аннотация | Дается систематическое изложение современной теории эллиптических и параболических уравнений для мер; типичными примерами являются уравнения Фоккера-Планка-Колмогорова для вероятностных распределений. |
| 8 | Книга рассчитана на математиков и физиков, соприкасающихся в своих исследованиях с диффузионными процессами и эллиптическими и параболическими уравнениями. | |||
| 653 | 0_ | a | Ключевые слова | Математика |
| 653 | 1_ | a | Ключевые слова | Дифференциальные уравнения с частными производными |
| a | Ключевые слова | Диффузионные процессы | ||
| a | Ключевые слова | Математический анализ | ||
| a | Ключевые слова | Параболические дифференциальные уравнения | ||
| a | Ключевые слова | Параболические уравнения для мер | ||
| a | Ключевые слова | Случайные процессы (мат.) | ||
| a | Ключевые слова | Стохастические дифференциальные уравнения | ||
| a | Ключевые слова | Стохастические уравнения | ||
| a | Ключевые слова | Теория вероятностей | ||
| a | Ключевые слова | Уравнения Колмогорова | ||
| a | Ключевые слова | Уравнения Фоккера-Планка-Колмогорова | ||
| a | Ключевые слова | Эллиптические дифференциальные уравнения | ||
| a | Ключевые слова | Эллиптические уравнения для мер | ||
| 700 | 1_ | a | Другие авторы | Богачев Владимир Игоревич |
| q | Полное имя | Богачев В. И. | ||
| 700 | 1_ | a | Другие авторы | Крылов Николай Владимирович |
| 700 | 1_ | a | Другие авторы | Рекнер Михаэл |
| 700 | 1_ | a | Другие авторы | Шапошников Станислав Валерьевич |
| 901 | t | Тип документа | m | |
| 920 | a | Оператор | Семен | |
| a | Оператор | Конд | ||
| a | Оператор | Густ | ||
| a | Оператор | Стро | ||
| 930 | a | Новая/Ретро | новая | |
| 952 | c | Вид литературы | К рн | |
| 954 | a | Дата поступления на обработку | 20140616 | |
| c | Дата окончания ОНО | 20141024 | ||
| b | Дата поступления в ОК | 20140428 |